000 00472pam a2200169 a 4500
020 _a0697384950 (acidfree paper)
040 _cDLC
082 0 0 _a526 WCB 1999 A028 Or.
100 1 _aDent, Borden D.
245 1 0 _aCartography :
_bthematic map design /
250 _a5th ed.
260 _aBoston :
_bWCB/McGraw-Hill,
_cc1999.
300 _axiv, 417 p. :
_bill. (some col.), maps (some col.) ;
_c29 cm.
650 0 _aCartography.
650 0 _aThematic maps.
942 _cEK
999 _c12772
_d12772